000 00662nam a2200229 i 4500
001 129991
003 ES-MaACL
005 20230906193623.0
007 t|
008 070713s2002 fr ||||1| fre d
020 _a2-224-02737-0
080 _a61(038)
245 0 0 _aDictionnaire des termes de médicine.
250 _a27e éd. rev. et augm. par Jacques Delamare.
260 _aParis :
_bMaloine,
_c2002.
300 _a1001 p. :
_bil. ;
_c25 cm.
500 _aBiblioteca Jacinto Martínez Lacalle.
500 _aIndice.
650 1 4 _aMedicina-
_vDiccionarios.
_914897
700 1 _aDelamare, Jacques.
_943304
852 _aES-MaACL
_jN-14563
_bR.142571
999 _c129991
_d129991